000 00670cam a22002293a 4500
001 12624
003 PGUSA
005 20140828083254.0
008 040601s2004||||xxu|||||s|||||000 | eng d
040 _aPGUSA
_beng
042 _adc
050 4 _aBT
100 1 _aBarry, J. G. H.
_q(Joseph Gayle Hurd),
_d1858-1931
245 1 0 _aOur Lady Saint Mary
_h[electronic resource] /
_cJ. G. H. Barry
260 _bProject Gutenberg,
_c2004
506 _aPublic domain in the USA.
516 _aElectronic text
653 _aMary, Blessed Virgin, Saint -- Meditations
830 0 _aProject Gutenberg
_v12624
856 4 0 _uhttp://www.gutenberg.org/ebooks/12624
942 _cEB
999 _c241879
_d241879